00825nam a2200205 i 4500001001100000005001700011008004100028020001800069080002900087100004200116245011500158260006300273300003000336500001500366500004000381650004900421852001100470952012100481999001700602C00047936c20241029145822.0030604 2001 sp a m 1 spa d a84-7820-551-9 a7(460.224 Calatayud)"15"1 aAcerete Tejero, José Miguel.93208210aEstudio documental de las artes en la comunidad de Calatayud en el siglo XVI / cJosé Miguel Acerete Tejero. aCalatayud : bCentro de Estudios Bilbilitanos, cDL 2001. a803 p. : bil. ; c24 cm. aÍndices. aResumen de la tesis univ. Zaragoza. 4aArte-zEspaña-zCalatayud-yS. XVI.9946904 jH-2518 001040708NORaRABASFbRABASFcDP2d2003-06-04eCl0oH-2518p1051133r2024-10-15 09:38:41w2024-10-15yFONDOMODER c46643d46643